000 00725nam a2200217Ii 4500
003 JO-AjNU
008 230605s9999||||xx |||||||||||||| ||und||
017 _a1999/4/501
040 _aJO-AjNU
_bara
_erda
_cJO-AjNU
041 _aara
050 1 4 _aBP189 1999
100 3 _aجنيد، حافظ,
_eauthor
_910506
245 0 0 _aإياك نعبد و إياك نستعين مدخل الى فهم القرآن الكريم
250 _aط1
264 3 1 _aدمشق: دار الثقافة للجميع، 1999
300 _a208ص
336 _atext
_btxt
_2rdacontent
337 _aunmediated
_bn
_2rdamedia
338 _avolume
_bnc
_2rdacarrier
650 4 _aالتصوف الاسلامي- الاخلاق الاسلامية
_910507
999 _aA1840
_c5408
_d5408